Opciones para la reducción de emisiones de gases de efecto invernadero en Colombia / (Registro nro. 1821)

Detalles MARC
000 -CABECERA
Campo de control 00962cam a2200253 i 4500
005 - FECHA Y HORA DE LA ULTIMA TRANSACCION
Campo de control 20160123113150.0
008 - ELEMENTOS DE LONGITUD FIJA—INFORMACION GENERAL
Campo de control 010510s2000 ck a b 000 0 spa
020 ## - ISBN
ISBN 9589205372
040 ## - FUENTE DE CATALOGACIÓN
Agencia catalogadora original DLC
Agencia transcriptora DLC
Agencia Modificadora DLC
-- CO-BoIAVH
041 0# - IDIOMA
Código de idioma para texto/pista de sonido o título separado Español
042 ## - AUTHENTICATION CODE
Authentication code pcc
043 ## - GEOGRAPHIC AREA CODE
Geographic area code s-ck---
082 04 - NUMERO DE CLASIFICACION DECIMAL DEWEY
Número de clasificación 363.738742
Número del ítem R69o
100 1# - ASIENTO PRINCIPAL--NOMBRE PERSONAL
Nombre personal Rodríguez, Humberto
9 (RLIN) 13251
245 10 - MENCION DE TITULO
Título Opciones para la reducción de emisiones de gases de efecto invernadero en Colombia /
Mención de responsabilidad Humberto Rodríguez, Fabio González.
260 ## - PUBLICACION, DISTRIBUCION, ETC. (PIE DE IMPRENTA)
Lugar de publicación, distribución, etc. Bogotá :
Nombre del editor, distribuidor, etc. Academia Colombiana deciencias exactas, fíisica y naturales,
Fecha de publicación, distribución, etc. 2000.
300 ## - DESCRIPCION FISICA
Extensión 260 páginas :
Otros detalles físicos ill. ;
Dimensiones 23 cm.
650 14 - ASIENTO SECUNDARIO DE MATERIA - TERMINO TEMATICO
Término temático o nombre geográfico como elemento de entrada Efecto invernadero
Subdivisión general Aspectos ambientales
Subdivisión geográfica Colombia.
9 (RLIN) 54323
650 24 - ASIENTO SECUNDARIO DE MATERIA - TERMINO TEMATICO
Término temático o nombre geográfico como elemento de entrada Gases de invernadero
Subdivisión geográfica Colombia.
9 (RLIN) 54324
650 24 - ASIENTO SECUNDARIO DE MATERIA - TERMINO TEMATICO
Término temático o nombre geográfico como elemento de entrada Control de calidad del aire
Subdivisión geográfica Colombia.
9 (RLIN) 54325
650 24 - ASIENTO SECUNDARIO DE MATERIA - TERMINO TEMATICO
Término temático o nombre geográfico como elemento de entrada Protección del medio ambiente
Subdivisión geográfica Colombia.
9 (RLIN) 54326
700 1# - ASIENTO SECUNDARIO - NOMBRE PERSONAL
Nombre personal González, Fabio,
Término de relación autor.
9 (RLIN) 35531
942 ## - ELEMENTOS ADICIONALES (KOHA)
Sistema de clasificación Dewey Decimal Classification
Tipo de ítem Libro
Existencias
Withdrawn status Lost status Sistema de Clasificación Damaged status No para préstamo Colección Inventariado Ubicación Permanente Ubicación actual Fecha de adquisición Fuente de Valor Valor Total Checkouts Número topográfico Inventario / Código de Barras Date last seen Ejemplar Price effective from Forma de adquisición Tipo de material
    Dewey Decimal Classification     General Inventariado 2017 Bogotá Bogotá 24/01/2001 Instituto 39000.00   LB-363.738742 R69o 002278 04/12/2012 Ej. 1 04/12/2012   Libro
    Dewey Decimal Classification     General Inventariado 2017 Sala Fabio Quevedo Sala Fabio Quevedo 06/02/2004 Instituto 39000.00   LB-363.738742 R69o 015520 04/12/2012 Ej. 2 04/12/2012 Donación Libro